Data Science and Machine Learning: Mathematical and Statistical Methods 2/e
שמור ב:
| מחבר ראשי: | |
|---|---|
| פורמט: | ספר |
| יצא לאור: |
CRC Press
|
| תגים: |
אין תגיות, היה/י הראשונ/ה לתייג את הרשומה!
|
MARC
| LEADER | 00000nam a2200000Ia 4500 | ||
|---|---|---|---|
| 005 | 20260513122053.0 | ||
| 020 | |a 9781032488684 | ||
| 100 | |a Kroese | ||
| 365 | |c £ | ||
| 365 | |b 28.00 | ||
| 942 | |c BK | ||
| 245 | |a Data Science and Machine Learning: Mathematical and Statistical Methods 2/e | ||
| 260 | |b CRC Press | ||
| 999 | |c 87 |d 87 | ||
| 952 | |0 0 |1 0 |4 0 |7 0 |a UNSW |b UNSW |d 2026-04-29 |g 78.99 |i 16669 |l 0 |p 000015 |r 2026-05-13 12:20:53 |v 78.99 |w 2026-05-13 |y BK | ||